| 000 | 00913nam a22002412 4500 | ||
|---|---|---|---|
| 001 | 0000008535 | ||
| 005 | 20151021151114.0 | ||
| 008 | 080421s xx 000 0 eng d | ||
| 020 |
_a8121926637 : _cKES 1350 |
||
| 040 |
_aKABU _cKABU |
||
| 100 | 1 |
_aBagavathi. _@0000159172 |
|
| 245 | 1 | 0 |
_aFundamentals of advanced accounting. Volume II : _b(for the students of B. Com.,BBA., CA., ICWA.,CAIIB.,CS., and various Diploma and Certificate Examination) / _cBagavathi, S. Uma. |
| 250 | _a2nd ed. | ||
| 260 |
_aNew Delhi : _bS. Chand, _c2007. |
||
| 300 | _aix, 1002 p. | ||
| 610 | 2 | 0 |
_aAccounting. _@0000159173 |
| 700 | 1 |
_aUma, S. _@0000159174 |
|
| 908 | _a080421 | ||
| 950 | _@1 | ||
| 999 |
_c746 _d746 |
||